U.S. States with Most Hiking Miles - Statistics

General Stats
  • This quiz has been taken 72 times
  • The average score is 17 of 20
Answer Stats
Hint Answer % Correct
18,467 California
100%
7,652 Oregon
99%
11,576 Colorado
97%
10,590 Washington
97%
4,490 Maine
94%
4,447 New York
94%
5,237 New Mexico
93%
3,170 Texas
93%
6,540 Arizona
88%
5,478 Utah
86%
3,194 Virginia
84%
2,854 Idaho
83%
2,670 Florida
81%
3,588 Michigan
81%
4,102 Wyoming
80%
2,634 North Carolina
78%
4,840 Pennsylvania
78%
3.238 Minnesota
74%
2,872 Wisconsin
68%
5,752 Massachusetts
43%
No matching quizzes found
Score Distribution
Percent of People with Each Score
Percentile by Number Answered
Your Score History
You have not taken this quiz